| 000 | 00539cam a22001571 4500 | ||
|---|---|---|---|
| 082 |
_a330 _bBUR _cL-27, P-32 |
||
| 100 | 1 |
_aBurns, Arthur Edward, _937838 |
|
| 245 | 1 | 0 |
_aModern economics _c[by] Arthur Edward Burns, Alfred C. Neal [and] D. S. Watson, under the general editorship of Albert Gailord Hart. |
| 250 | _a2d ed. | ||
| 260 |
_aNew York, _bHarcourt, Brace _c[c1953] |
||
| 300 |
_a790, xxxiv p. _billus. _c24 cm. |
||
| 526 |
_a0 _b0 _c0 _d330_000000000000000_BUR |
||
| 650 | 0 |
_aEconomics. _91437 |
|
| 650 | 0 |
_aMCE _9379 |
|
| 942 |
_2ddc _cBK |
||
| 999 |
_c542602 _d542602 |
||